000 01975nam a2200493 i 4500
001 46653
003 KOSZ 005
005 20210525125252.0
008 050921s2005 pl ao f |000 0 pol
015 _aUWD 2006/4604
020 _a8373618465
035 _a991029591659705066
035 _a(PL-WaBN)b17991122-48omnis_nlop
035 _ab17991122
035 _a(OCoLC)69472496
035 _azz2005891291
035 _a(PL)b0000001799112
035 _a(EXLNZ-48OMNIS_NETWORK)9910068036005606
040 _aWA 72/01OVF
_cWA 72/01OVF
_dWA 72/01OMW
_dŁ U/MSs
_dWA N/PBabs
_dKOSZ 005/HR
046 _k2005
080 _a910:004.65
080 _a528
080 _a(07)
100 1 _aLitwin, Leszek
_eAutor
245 1 0 _aSystemy informacji geograficznej :
_bzarządzanie danymi przestrzennymi w GIS, SIP, SIT, LIS /
_cLeszek Litwin, Grzegorz Myrda.
260 _aGliwice :
_bWydawnictwo Helion,
_c2005.
300 _a275 s. :
_bil. ;
_c24 cm +
_e1 dysk optyczny (CD-ROM).
336 _aTekst
_btxt
_2rdacontent
337 _aBez urządzenia pośredniczącego
_bn
_2rdamedia
338 _aWolumin
_bnc
_2rdacarrier
380 _aKsiążki
388 _a2001-
521 8 _aDla użytkowników wykorzystujących GIS jako mapę numeryczną w celach rekreacyjno-turystycznych, np. w połączeniu z GPS, profesjonalistów, którzy chcą wykorzystywać GIS w swojej codziennej pracy, niezależnie od tego, czy chodzi o firmę komercyjną, instytucję publiczną czy urząd administracji państwowej.
650 7 _aGeoinformacja
_2DBN
650 7 _aDane przestrzenne
655 7 _aPodręcznik
_2DBN
658 _aGeografia i nauki o Ziemi
658 _aInformatyka i technologie informacyjne
700 1 _aMyrda, Grzegorz
_eAutor
710 2 _aHelion
_4pbl
856 _uhttp://koha.tu.koszalin.pl/cgi-bin/koha/opac-detail.pl?biblionumber=46653
_yKatalog online BPK
942 _2UKD
_cKS
999 _c46653
_d46653